| 000 | 01133nas a2200349 4500 | ||
|---|---|---|---|
| 001 | BR2015005292 | ||
| 003 | BR-BrBNA | ||
| 005 | 20231205125756.0 | ||
| 007 | ta | ||
| 008 | 230509b bl.|||p| |||| 00| 00por d | ||
| 040 |
_aBR-BrBNA _bpor _cBiblioteca Nacional de Agricultura |
||
| 041 | _a(Pt) | ||
| 072 | _aN10; L20 | ||
| 100 | 1 | _aLourençoni, D. | |
| 100 | 1 | _aYanagi Junior, T. | |
| 100 | 1 | _aOliveira, D.D. de | |
| 100 | 1 | _aCampos, A.T. | |
| 100 | 1 | _aLima, R.R. de | |
| 245 | 1 | _aCondições ambientais em galpão convencional telado para galinhas poedeiras hyline W-36 | |
| 246 | 1 | _aEnvironmental conditions in a conventional screened poultry shed | |
| 650 | _aGALINHA PARA POSTURA | ||
| 650 | _aINSTALACAO PARA ANIMAL | ||
| 650 | _aGALPAO | ||
| 650 | _aCONDICAO AMBIENTAL | ||
| 650 | _aRUIDO | ||
| 650 | _aAMONIA | ||
| 650 | _aBIOSSEGURANCA | ||
| 773 | 0 |
_tEngenharia Agrícola (Brazil) _xISSN 1809-4430 _g(Jan-Feb 2015), v. 35(1) p. 1-10 _wBR2015005292 |
|
| 856 | 4 | 0 | _uhttp://www.scielo.br/pdf/eagri/v35n1/1809-4430-eagri-35-1-0001.pdf |
| 909 |
_a202311 _bLúcia _c55 _dLúcia Elande |
||
| 942 |
_2AGRIS _n0 _cANA |
||
| 999 |
_c246078 _d246078 |
||